| 000 | 01017nam a22002651u 4500 | ||
|---|---|---|---|
| 001 | 12304 | ||
| 003 | HDC | ||
| 007 | cr bn --- | ||
| 008 | 210209p2004 my eng | ||
| 040 | _aHDC | ||
| 100 |
_aHadijah Hassan, _eauthor _912752 |
||
| 245 | 0 |
_aHypoglycemic activity of Morinda citrifolia extract in normal and streptozotocin-induced diabetic rats / _cby Hadijah Hassan, Ayub Mohd. Yatim, Zarida Hambali and Normah Ahamad |
|
| 260 |
_aSerdang : _bMalaysian Agricultural Research and Development Institute (MARDI), _c2004 |
||
| 300 | _a1 page | ||
| 336 |
_atext _2rdacontent |
||
| 337 |
_acomputer _2rdamedia |
||
| 338 |
_aonline resource _2rdacarrier |
||
| 650 |
_aHypoglycemic _912842 |
||
| 650 |
_aMorinda citrifolia _912753 |
||
| 650 |
_aNormal rats _912843 |
||
| 856 | _zRequest full-text at [email protected] | ||
| 942 | _2lcc | ||
| 942 | _cAR | ||
| 942 | _kJART 003083 | ||
| 999 |
_c9627 _d9627 |
||